2001 nian Zhongguo guo min jing ji he she hui fa zhan bao gao / (Record no. 15123)
[ view plain ]
| 000 -LEADER | |
|---|---|
| fixed length control field | 00726cam a22002057a 4500 |
| 020 ## - INTERNATIONAL STANDARD BOOK NUMBER | |
| ISBN | 7800589307 |
| 040 ## - CATALOGING SOURCE | |
| Transcribing agency | CSt-H |
| 082 ## - DEWEY DECIMAL CLASSIFICATION NUMBER | |
| Classification number | 306 XIN 2001 A073 Or. |
| 245 00 - TITLE STATEMENT | |
| Title | 2001 nian Zhongguo guo min jing ji he she hui fa zhan bao gao / |
| 246 3# - VARYING FORM OF TITLE | |
| Title proper/short title | Er ling ling yi nian Zhongguo guo min jing ji he she hui fa zhan bao gao |
| 246 14 - VARYING FORM OF TITLE | |
| Title proper/short title | Report on China's national economic and social development for 2001 |
| 246 1# - VARYING FORM OF TITLE | |
| Title proper/short title | Guo jia fa zhan ji hua wei yuan hui |
| 250 ## - EDITION STATEMENT | |
| Edition statement | Di 1 ban. |
| 260 ## - PUBLICATION, DISTRIBUTION, ETC. (IMPRINT) | |
| Place of publication | Beijing : |
| Name of publisher | Zhongguo ji hua chu ban she : |
| -- | Xin hua shu dian Beijing fa xing suo fa xing, |
| Year of publication | 2001. |
| 300 ## - PHYSICAL DESCRIPTION | |
| Number of Pages | 11, 409 p. ; |
| Dimensions | 21 cm. |
| 700 1# - ADDED ENTRY--PERSONAL NAME | |
| Personal name | Zeng, Peiyan. |
| 700 1# - ADDED ENTRY--PERSONAL NAME | |
| Personal name | Wang, Chunzheng. |
| 710 1# - ADDED ENTRY--CORPORATE NAME | |
| Corporate name or jurisdiction name as entry element | China. |
| 942 ## - ADDED ENTRY ELEMENTS (KOHA) | |
| Koha item type | សៀវភៅភាសាអង់គ្លេស |
No items available.